000
00277nam a2200121Ia 4500
008
191201s2007 xx 000 0 und d
100
_a
Beri
245
0
_a
Business Statistics
260
_a
N.Delhi
_b
Tata mc Graw Hill
_c
2007
300
_a
-
650
_a
MBA
942
_2
ddc
_c
BK
_0
5
999
_c
2972
_d
2972